The legal environment today : (Record no. 2693)

MARC details
000 -LEADER
fixed length control field 01430cam a2200325 a 4500
001 - CONTROL NUMBER
control field 14478118
003 - CONTROL NUMBER IDENTIFIER
control field OSt
005 - DATE AND TIME OF LATEST TRANSACTION
control field 20210414114202.0
008 - FIXED-LENGTH DATA ELEMENTS--GENERAL INFORMATION
fixed length control field 060802s2007 ohuab 001 0 eng
010 ## - LIBRARY OF CONGRESS CONTROL NUMBER
LC control number 2006932105
020 ## - INTERNATIONAL STANDARD BOOK NUMBER
International Standard Book Number 0324375115 (student ed. packaged with Online legal research guide)
040 ## - CATALOGING SOURCE
Original cataloging agency DLC
Transcribing agency DLC
Modifying agency DLC
043 ## - GEOGRAPHIC AREA CODE
Geographic area code n-us---
050 00 - LIBRARY OF CONGRESS CALL NUMBER
Classification number KF889
Item number .M536 2007
100 1# - MAIN ENTRY--PERSONAL NAME
Personal name Miller, Roger LeRoy.
245 14 - TITLE STATEMENT
Title The legal environment today :
Remainder of title business in its ethical, regulatory, e-commerce, and international setting /
Statement of responsibility, etc. Roger LeRoy Miller, Frank B. Cross.
250 ## - EDITION STATEMENT
Edition statement 5th ed.
260 ## - PUBLICATION, DISTRIBUTION, ETC.
Place of publication, distribution, etc. Mason, Ohio :
Name of publisher, distributor, etc. Thomson/West,
Date of publication, distribution, etc. c2007.
300 ## - PHYSICAL DESCRIPTION
Extent 777 p. :
Other physical details col. ill., 1 map ;
Dimensions 27 cm.
500 ## - GENERAL NOTE
General note Rev. ed. of: Legal and e-commerce environment today. 4th. ed. c2005.
500 ## - GENERAL NOTE
General note Laid in fold. sample of sales contract for purchase of green coffee.
500 ## - GENERAL NOTE
General note Includes index.
505 ## - FORMATTED CONTENTS NOTE
Formatted contents note Contents: The Foundations -- The Public Environment -- The Private environment -- The Employment environment -- The Regulatory environment -- The International environment -- Appendices -- Glossary.
650 #0 - SUBJECT ADDED ENTRY--TOPICAL TERM
Topical term or geographic name entry element Commercial law
Geographic subdivision United States.
650 #0 - SUBJECT ADDED ENTRY--TOPICAL TERM
Topical term or geographic name entry element Law
Geographic subdivision United States.
700 1# - ADDED ENTRY--PERSONAL NAME
Personal name Cross, Frank B.
906 ## - LOCAL DATA ELEMENT F, LDF (RLIN)
a 7
b cbc
c origcop
d 2
e epcn
f 20
g y-gencatlg
942 ## - ADDED ENTRY ELEMENTS (KOHA)
Source of classification or shelving scheme Library of Congress Classification
Koha item type Books
Holdings
Withdrawn status Lost status Source of classification or shelving scheme Damaged status Not for loan Home library Current library Shelving location Date acquired Total Checkouts Full call number Barcode Date last seen Price effective from Koha item type
    Library of Congress Classification     WISCONSIN INTERNATIONAL UNIVERSITY COLLEGE, GHANA - MAIN LIBRARY WISCONSIN INTERNATIONAL UNIVERSITY COLLEGE, GHANA - MAIN LIBRARY Reference 29/11/2013   KF889 .M536 7062/79/13 29/11/2013 29/11/2013 Books

If you have any concerns or questions; kindly contact the library


© Powered by WIUC ICT DIRECTORATE